000
00482nam a2200181Ia 4500
008
090123s9999 xx 000 0 und d
082
_b
1119
100
_a
नंदा गुलशन
245
_a
नीलकंठ
250
_a
1
260
_b
पाकेट संस्करण
300
_a
243
600
_a
नंदा गुलशन
630
_a
नीलकंठ
700
_a
नंदा गुलशन
730
_a
नीलकंठ
942
_c
BOOK
999
_c
39203
_d
39203